| 000 | 00553cam a2200181 a 4500 | ||
|---|---|---|---|
| 020 | _a9780838641835 (alk. paper) | ||
| 020 | _a0838641830 (alk. paper) | ||
| 040 | _cDLC | ||
| 082 | 0 | 0 | _a327 FDU 2008 C152 Or. |
| 245 | 0 | 0 |
_aBeyond settlement : _bmaking peace last after civil conflict / |
| 260 |
_aMadison [N.J.] : _bFairleigh Dickinson University Press, _cc2008 |
||
| 300 |
_a413 p. : _bill. ; _c25 cm |
||
| 650 | 0 | _aPeace-building | |
| 650 | 0 | _aConflict management | |
| 700 | 1 | _aShields, Vanessa E., | |
| 700 | 1 | _aBaldwin, Nicholas | |
| 942 | _cAEDBB | ||
| 999 |
_c18769 _d18769 |
||